000 00849nas a2200241 4500
001 BR8500572
003 BR-BrBNA
005 20231205090109.0
007 ta
008 230509b bl.|||p| |||| 00| 00por d
040 _aBR-BrBNA
_bpor
_cBiblioteca Nacional de Agricultura
041 _a(Pt)
072 _aL10
100 1 _aHenry, M.
245 1 _aO uso da associacao de progesterona com dinoprost na sincronizacao do cio em jumentas [inducao]
246 1 _aThe use of the association of progesterone with dinoprost in the synchronization of oestrus in mares [induction]
650 _aJUMENTO
650 _aSINCRONIZACAO DO CIO
650 _aINDUCAO
773 0 _tRevista Brasileira de Reproducao Animal (Brazil)
_xISSN 0102-0803
_g(1984), v. 8(3) p. 162-165
_wBR8500572
909 _a202311
_bLúcia
_c55
_dLúcia Elande
942 _2AGRIS
_n0
_cANA
999 _c116130
_d116130